000 00319cam a22001217i 4500
020 _a9789353451608
082 0 4 _a823
_bKAN
100 1 _aKanisetti, Anirudh
245 1 0 _aLords of the Deccan : southern India from the Chalukyas to the Cholas
260 _aNew Delhi:
_bJaggernaut,
_c2022.
300 _a461p.
942 _cBK
999 _c18371
_d18371